Datum a čas kvízu
37
Celkem bodů
Celkový počet nahraných bodů na tomto kvízu bez doplňovacích otázek.
2.
Pořadí na kvízu
Konečné umístění týmu na tomto kvízu.
Zaznamenané odpovědi
| # | Otázka | Odpověď | Body | Výsledky |
|---|---|---|---|---|
| 1. | Minulý týden jsme se dozvěděli... | Královská opera/ Royal Opera | 0 | |
| 2. | Jistá evropská metropole se ro... | Berlín | 1 | |
| 3. | Fanouškům v pražské O<sub>2</s... | 50 Cent | 0 | |
| 4. | Dost možná nejznámější billboa... | Mattoni | 1 | |
| 5. | Sedmatřicetiletá česká tenistk... | Lucie Hradecká | 0 | |
| 6. | Ve výběru tohoto tématu na vás... | FK Teplice | 0 | |
| 7. | Snímek Padesát odstínů šedi vz... | Stmívání (Twilight) | 1 | |
| 8. | Poznejte podle indicií film, j... | Hotel Modrá hvězda, Nataša Gollová | 1 | |
| 9. | Napište název snímku režiséra... | Rudá volavka (Red Sparrow) | 0 | |
| 10. | Černá kočka, bílý kocour je bl... | Emir Kusturica | 1 |